sheet piling, Cofferdams and Caissons. (Record no. 546476)
[ view plain ]
| 000 -LEADER | |
|---|---|
| fixed length control field | 00589cam a2200193u 4500 |
| 082 ## - DEWEY DECIMAL CLASSIFICATION NUMBER | |
| Classification number | 624.157 |
| Author Mark | LEE |
| -- | L-14, P-68 |
| 100 1# - MAIN ENTRY--PERSONAL NAME | |
| Personal name | Lee, Donovan Henry. [from old catalog] |
| 9 (RLIN) | 42618 |
| 245 13 - TITLE STATEMENT | |
| Title | sheet piling, Cofferdams and Caissons. |
| 250 ## - EDITION STATEMENT | |
| Edition statement | [Rev. and enl.] |
| 260 ## - PUBLICATION, DISTRIBUTION, ETC. | |
| Place of publication, distribution, etc. | London, |
| Name of publisher, distributor, etc. | Concrete Publications |
| Date of publication, distribution, etc. | [1945] |
| 300 ## - PHYSICAL DESCRIPTION | |
| Extent | vii, 264 p. |
| Other physical details | illus. |
| Dimensions | 24 cm. |
| 526 ## - STUDY PROGRAM INFORMATION NOTE | |
| Program name | 0 |
| Interest level | 0 |
| Reading level | 0 |
| Title point value | 624_157000000000000_LEE |
| 650 #0 - SUBJECT ADDED ENTRY--TOPICAL TERM | |
| Topical term or geographic name entry element | Caissons. |
| 9 (RLIN) | 42619 |
| 650 #0 - SUBJECT ADDED ENTRY--TOPICAL TERM | |
| Topical term or geographic name entry element | Cofferdams. |
| 9 (RLIN) | 42620 |
| 650 #0 - SUBJECT ADDED ENTRY--TOPICAL TERM | |
| Topical term or geographic name entry element | Concrete piling. |
| 9 (RLIN) | 42621 |
| 650 #0 - SUBJECT ADDED ENTRY--TOPICAL TERM | |
| Topical term or geographic name entry element | MCE |
| 9 (RLIN) | 379 |
| 650 #0 - SUBJECT ADDED ENTRY--TOPICAL TERM | |
| Topical term or geographic name entry element | Sheet-piling. |
| 9 (RLIN) | 42622 |
| 942 ## - ADDED ENTRY ELEMENTS (KOHA) | |
| Source of classification or shelving scheme | |
| Koha item type | Book |
| Withdrawn status | Lost status | Source of classification or shelving scheme | Damaged status | Not for loan | Permanent Location | Current Location | Date acquired | Total Checkouts | Full call number | Barcode | Date last seen | Price effective from | Koha item type |
|---|---|---|---|---|---|---|---|---|---|---|---|---|---|
| Military College of Engineering (MCE) | Military College of Engineering (MCE) | 06/12/2014 | 624.157 LEE | MCE-30228 | 06/12/2014 | 06/12/2014 | Book |
